Quản lý nhà nước đối với các thành phần kinh tế /

Shranjeno v:
Bibliografske podrobnosti
Glavni avtor: Võ Thành Vị
Format: Sách giấy
Jezik:Vietnamese
Izdano: H. : Thống kê, 1998
Oznake: Označite
Brez oznak, prvi označite!
Thư viện lưu trữ: Thư viện Trường Đại học Đà Lạt
LEADER 00686nam a2200277 4500
001 DLU030020969
003 ##DLU
005 ##11/10/1978
008 ##021230t vn z000 vie d
040 # # |a DLU  |b vie 
041 # # |a vie 
044 # # |a vn 
082 # # |a 354.068  |b VO-V 
100 # # |a Võ Thành Vị 
245 # # |a Quản lý nhà nước đối với các thành phần kinh tế /  |c Võ Thành Vị 
260 # # |a H. :  |b Thống kê,  |c 1998 
300 # # |a 483 tr. ;  |c 21 cm 
992 # # |a 34000 
994 # # |a DLU 
900 # # |a True 
911 # # |a Thái Thị Thanh Thủy 
925 # # |a G 
926 # # |a A 
927 # # |a SH 
980 # # |a Thư viện Trường Đại học Đà Lạt